Carlos Nakatani : (Record no. 6785)

MARC details
000 -CABECERA
campo de control de longitud fija 00650nam a2200193 a 4500
005 - FECHA Y HORA DE LA ÚLTIMA TRANSACCIÓN
campo de control 20210219150056.0
008 - ELEMENTOS DE LONGITUD FIJA--INFORMACIÓN GENERAL
campo de control de longitud fija 991125s1973 mx 000 0 spa u
035 ## - NÚMERO DE CONTROL DEL SISTEMA
Número de control de sistema UPN01000006785
049 ## - COLECCIÓN
Colección SEP
050 #4 - SIGNATURA TOPOGRÁFICA DE LA BIBLIOTECA DEL CONGRESO
Número de clasificación ND259 N3
Número de documento/Ítem C37
245 00 - MENCIÓN DE TÍTULO
Título Carlos Nakatani :
Resto del título extensión del huevo negro : obras recientes /
Mención de responsabilidad, etc. pról. Antonio Castro Leal.
260 ## - PUBLICACIÓN, DISTRIBUCIÓN, ETC.
Lugar de publicación, distribución, etc. México :
Nombre del editor, distribuidor, etc. INBA,
Fecha de publicación, distribución, etc. 1973.
300 ## - DESCRIPCIÓN FÍSICA
Extensión [9] p. :
Otras características físicas principalmente il.
500 ## - NOTA GENERAL
Nota general "Del 19 de septiembre al 21 de octubre de 1973"
500 ## - NOTA GENERAL
Nota general "Sala metropolitana, Palacio de Bellas Artes"
600 14 - ASIENTO SECUNDARIO DE MATERIA - NOMBRE PERSONAL
Nombre de persona NAKATANI, CARLOS,
Fechas asociadas al nombre 1934-
650 #4 - ASIENTO SECUNDARIO DE MATERIA - TERMINO TEMATICO
Término de materia o nombre geográfico como elemento de entrada PINTURA MEXICANA -
Subdivisión de forma EXPOSICIONES
905 ## - TIPO DE MATERIAL
Tipo de material Libro
Holdings
Estado de retiro Estado de pérdida Fuente del sistema de clasificación o colocación Estado dañado No para préstamo Código de colección Localización permanente Ubicación/localización actual Ubicación en estantería Fecha de adquisición Clasificación Código de barras Fecha visto por última vez Número de copia Tipo de ítem Koha
    Library of Congress Classification   Coleccion SEP Colección SEP Bib. Gregorio Torres Quintero Bib. Gregorio Torres Quintero Colección SEP 09/05/2023 ND259 N3 C37 17218F 31/12/2020 1 Libro